Time: This baby could live to be 142 years old (Record no. 16685)

000 -LEADER
fixed length control field 00295nam a22001097a 4500
003 - CONTROL NUMBER IDENTIFIER
control field OSt
005 - DATE AND TIME OF LATEST TRANSACTION
control field 20200212141127.0
008 - FIXED-LENGTH DATA ELEMENTS--GENERAL INFORMATION
fixed length control field 200212b xxu||||| |||| 00| 0 eng d
040 ## - CATALOGING SOURCE
Transcribing agency Cagayan State University-Carig Campus
245 ## - TITLE STATEMENT
Title Time: This baby could live to be 142 years old
942 ## - ADDED ENTRY ELEMENTS (KOHA)
Source of classification or shelving scheme
Koha item type Serials
Holdings
Price effective from Permanent Location Date last seen Not for loan Date acquired Source of classification or shelving scheme Koha item type Lost status Withdrawn status Copy number Source of acquisition Collection code Damaged status Barcode Shelving location Current Location Public note Full call number
2020-02-12Cagayan State University - Carig Library2020-02-12 2020-02-12 Serials  c.1SchoolSerials TM0000422014C1SerialsCagayan State University - Carig LibraryFor room use onlyTM 000042 2015 c.1

Cagayan State University University Library, Carig Campus
Tuguegarao City, Cagayan 3500 | www.csucarig.edu.ph

Powered by Koha